2021 NHL Entry Draft 1st Round Selections - Statistics

General Stats
  • This quiz has been taken 801 times
  • The average score is 14 of 32
Answer Stats
Pick Player Junior Club Team % Correct
11 - - Arizona Coyotes
100%
1 Owen Power University of Michigan Buffalo Sabres
95%
2 Matthew Beniers University of Michigan Seattle Kraken
90%
4 Luke Hughes USNTDP New Jersey Devils
87%
3 Mason McTavish Peterborough Petes Anaheim Ducks
80%
5 Kent Johnson University of Michigan Columbus Blue Jackets
72%
7 William Eklund Djurgårdens IF San Jose Sharks
63%
8 Brandt Clarke Barrie Colts Los Angeles Kings
57%
9 Dylan Guenther Edmonton Oil Kings Arizona Coyotes
54%
6 Simon Edvinsson Frölunda Detroit Red Wings
50%
12 Cole Sillinger Sioux Falls Stampede Columbus Blue Jackets
45%
31 Logan Mailloux London Knights Montreal Canadiens
45%
10 Tyler Boucher USNTDP Ottawa Senators
41%
15 Sebastian Cossa Edmonton Oil Kings Detroit Red Wings
37%
23 Wyatt Johnston Windsor Spitfires Dallas Stars
34%
16 Brennan Othmann Flint Firebirds New York Rangers
32%
20 Jesper Wallstedt Luleå HF Minnesota Wild
32%
13 Matthew Coronato Chicago Steel Calgary Flames
32%
17 Zachary Bolduc Rimouski Océanic St Louis Blues
31%
21 Fabian Lysell Luleå HF Boston Bruins
27%
22 Xavier Bourgault Shawinigan Cataractes Edmonton Oilers
27%
14 Isak Rosén Leksands IF Buffalo Sabres
26%
30 Zach Dean Gatineau Olympiques Vegas Golden Knights
26%
18 Chaz Lucius USNTDP Winnipeg Jets
24%
32 Nolan Allan Prince Albert Raiders Chicago Blackhawks
24%
27 Zachary L'Heureux Halifax Mooseheads Nashville Predators
24%
24 Mackie Samoskevich Chicago Steel Florida Panthers
23%
26 Carson Lambos Winnipeg Ice Minnesota Wild
22%
25 Corson Ceulemans Brooks Bandits Columbus Blue Jackets
20%
28 Oskar Olausson HV71 Colorado Avalanche
19%
19 Fyodor Svechkov Ladia Togliatti Nashville Predators
17%
29 Chase Stillman Sudbury Wolves New Jersey Devils
15%
No matching quizzes found
Score Distribution
Percent of People with Each Score
Percentile by Number Answered
Your Score History
You have not taken this quiz